| 000 | 00643nam a2200217Ia 4500 | ||
|---|---|---|---|
| 005 | 20260629163254.0 | ||
| 008 | 260629s9999||||xx |||||||||||||| ||und|| | ||
| 020 |
_a9780253217783 _qpbk |
||
| 082 |
_a809.933552 _bDOY |
||
| 100 | _aDoyle, Laura [ed.] | ||
| 245 | 0 | _aGeomodernisms : race, modernism, modernity | |
| 260 |
_aBloomington, Indiana _bIndiana University Press _c2005 |
||
| 300 | _aix, 354. ; 23cm. | ||
| 653 | _aComparative literature | ||
| 653 | _aLiterature and society | ||
| 653 | _aModernism (Literature) | ||
| 653 | _aPostcolonialism | ||
| 653 | _aRace in literature | ||
| 700 | _aWinkiel, Laura [ed.] | ||
| 942 | _cBK | ||
| 999 |
_c57298 _d57298 |
||